=LDR 00000nam 2200000 4500 =001 INLIS000000000054488 =005 20200217024241 =035 ##$$a 0010-0220000050 =007 ta =008 200217###########################0###### =082 ##$$a 304.259 865 5 =084 ##$$a 304.259 865 5 Lap l =245 ##$$a Laporan akhir kajian lingkungan hidup strategis PKWp Dompu /$c Pemerintah Kabupaten Dompu =300 ##$$a 180 : $b ilus ; $c 21 cm =600 #4$$a Ekologi Manusia-Dompu =740 ##$$a Laporan akhir kajian lingkungan hidup strategis PKWp Dompu =264 ##$$a Dompu :$b Pemerintah Kabupaten Dompu,$c 2012 =336 ##$$a Buku Teks$2 rdacontent =337 ##$$a lain-lain$2 rdamedia =338 ##$$a lain-lain$2 rdacarrier =990 ##$$a 086/43/2014